000 00445nam a22001817a 4500
003 MPLRDC
005 20220104184319.0
008 210129b ||||| |||| 00| 0 eng d
020 _a986-241-049-3
082 _a848.2 LYT-24
100 _a龙应台
245 _a大江大海 1949
_c
250 _a初版
260 _a台湾
_b天下杂志股份有限公司
_c2009
300 _b
650 _a现代别集
942 _cBK
_o848.2 LYT-24
999 _c62800
_d62790